1308 1006 1532 1876 1655 1823 1059 1503 1263 1045 1902 1322 1378 1847 1216 1486 1984 1380 1945 1071 1432 1005 1525 1567 1972 1944 1603 1666 1071 1204 1687 1812 1182 1186 1447 1727 1150 1371 1240 1463 1552 1084 1673 1136 1263 1031 1030 1621 1035 1340 1063 1361 1800 1890 1672 1250 1760 1378 1085 1177 1856 1298 1052 1098 1725 1570 1507 1002 1665 1345 1245 1560 1931 1437 1454 1364 1824 1194 1582 1964 1733 1095 1465 1545 1991 1466 1487 1240 1965 1434 1292 1727 1461 1992 1215 1350 1488 1187 1544 BCNSPRNW ULIB Ver.6.0+V

เปลี่ยนเป็นภาษาไทย

Change to English
 แสดงรายละเอียดบรรณานุกรม
  กลับหน้าหลัก

Brief Record : Get Marc (ISO 2709) : E-mail record : QR code < ปิดหน้าต่าง
LEADER : 00000nam 2200000uu 4500
001    13399112065
003     ULIB
008    110627s2552||||th 000 0 tha d
020    9786117002014
090    นว.^bช245ม 2552
100 0  ชลาลัย
245 00 เมียนอกหัวใจ/^cชลาลัย
250    พิมพ์ครั้งที่ 1
260    กรุงเทพฯ :^bSugar Beat,^c2552
300    336 หน้า
710 1  Sugar Beat
945    ^p220^l0^i026023
995    ทศพร
999 ^a ใช้งานได้ทุกระบบ
รายการนี้ยังไม่มีแท็ก
คุณยังไม่ได้ล็อกอิน คุณสามารถมีกิจกรรมร่วมกับเว็บไซต์ได้ แต่ต้องล็อกอินก่อน ::
  ล็อกอิน

รายการสื่อสารสนเทศ

ลำดับที่ ประเภท เลขเรียก/บาร์โค้ด สถานที่ สถานะ
- ไม่พบข้อมูล -

รายการใกล้เคียง
    ผู้แต่ง [ชลาลัย]

BibComment


ยังไม่เคยถูกคอมเมนท์

คอมเมนท์ทรัพยากรรายการนี้
  คอมเมนท์: เมียนอกหัวใจ ชลาลัย


 Copyright 2026. Bcnsprnw @Library